000 00401nam a22001577a 4500
003 SGT
020 _a978-81-7371-636-2
082 _a610.7368
_bE12B
100 _aBHATIA, B,D,
245 _aELEMENTS OF PSYCHOLOGY AND MENTAL HYGIENE FOR NURSES IN INDIA
250 _a2ND
260 _aINDIA
_bUNIVERSITY PRESS PUB
_c2012
300 _a360
650 _aMENTAL HEALTH NURSING
942 _2ddc
_cBK
999 _c20161
_d20161